000 00403 a2200157 4500
001 157042
020 _a9788574422121
040 _cEscola São Tomás de Aquino
100 _aCOELHO, Ronaldo Simões
240 1 0 _aO lobisomem que quase morreu de medo
_lpor
245 1 0 _aO lobisomem que quase morreu de medo
362 0 _a2018
440 1 _aMiguilim
697 _a*LITERATURA INFANTO
942 _cBK
999 _c157042
_d157042